000 00659nam a2200253Ia 4500
005 20250425161819.0
008 250425s9999 xx 000 0 und d
041 _aspa
043 _aec
082 _a332.1866
100 _aSUPERINTENDENCIA, DE BANCOS
245 0 _aCODIFICACION DE RESOLUCIONES DE LA SUPERINTENDENCIA DE BANCOS Y DE LA JUNTA MONETARIA
250 _a1A ED.
260 _aEcuador
_bSUPERINTENDENCIA DE BANCOS
_c1998
260 _aGUAYAQUIL
300 _a273
500 _aTOMO I
650 _aBANCOS
650 _aCODIFICACION
650 _aECUADOR
710 _aSUPERINTENDENCIA DE BANCOS
942 _c01
010 _a30756
999 _c216655
_d216655